Tribhuvan University Central Library

Unique's mathematics: (Record no. 96222)

MARC details
000 -LEADER
fixed length control field 00536nam a22002057a 4500
008 - FIXED-LENGTH DATA ELEMENTS--GENERAL INFORMATION
fixed length control field 200320b xxu||||| |||| 00| 0 eng d
020 ## - INTERNATIONAL STANDARD BOOK NUMBER
International Standard Book Number 9789937528078
082 ## - DEWEY DECIMAL CLASSIFICATION NUMBER
Classification number 510/Aw14u
100 ## - MAIN ENTRY--PERSONAL NAME
Personal name Awasthi, Ramesh Prasad
245 ## - TITLE STATEMENT
Title Unique's mathematics:
Remainder of title Nine
260 ## - PUBLICATION, DISTRIBUTION, ETC.
Place of publication, distribution, etc. Kathmandu:
Name of publisher, distributor, etc. Unique Educational Publishers,
Date of publication, distribution, etc. 2009.
300 ## - PHYSICAL DESCRIPTION
Extent 289p.; illus.
650 ## - SUBJECT ADDED ENTRY--TOPICAL TERM
Topical term or geographic name entry element Mathematics
650 ## - SUBJECT ADDED ENTRY--TOPICAL TERM
Topical term or geographic name entry element Sets
650 ## - SUBJECT ADDED ENTRY--TOPICAL TERM
Topical term or geographic name entry element Arithmetic
9 (RLIN) 8058
650 ## - SUBJECT ADDED ENTRY--TOPICAL TERM
Topical term or geographic name entry element Geometry
650 ## - SUBJECT ADDED ENTRY--TOPICAL TERM
Topical term or geographic name entry element Algebra
700 ## - ADDED ENTRY--PERSONAL NAME
Personal name Subedi, Bishnu Hari
942 ## - ADDED ENTRY ELEMENTS (KOHA)
Source of classification or shelving scheme Dewey Decimal Classification
Koha item type ISBN
Holdings
Withdrawn status Lost status Source of classification or shelving scheme Damaged status Not for loan Home library Current library Date acquired Total Checkouts Full call number Barcode Date last seen Price effective from Koha item type
    Dewey Decimal Classification     Tribhuvan University Central Library Tribhuvan University Central Library 03/20/2020   510/Aw14u IS8867 03/20/2020 03/20/2020 ISBN